Chris Columbus Movies - Statistics

General Stats
  • This quiz has been taken 42 times
    10 since last reset
  • The average score is 12 of 62
Answer Stats
Year Movie % Correct
1990 Home Alone
89%
2002 Harry Potter and the Chamber of Secrets
78%
1999 Bicentennial Man
44%
1984 Gremlins
44%
1993 Mrs. Doubtfire
44%
1987 Adventures in Babysitting
33%
1990 Gremlins 2: The New Batch
33%
2001 Harry Potter and the Sorcerer's Stone
33%
1996 Jingle All the Way
33%
1995 Nine Months
33%
1991 Only the Lonely
33%
2015 Pixels
33%
2005 Rent
33%
1985 The Goonies
33%
2023 Chupa
22%
2007 Fantastic 4: Rise of the Silver Surfer
22%
2005 Fantastic Four
22%
2007 Fog City Mavericks
22%
TBD Gremlins 3
22%
1992 Home Alone 2: Lost in New York
22%
2006 Night at the Museum
22%
2009 Night at the Museum: Battle of the Smithsonian
22%
2014 Night at the Museum: Secret of the Tomb
22%
2024 Nosferatu
22%
1984 Reckless
22%
1998 Stepmom
22%
2018 The Christmas Chronicles
22%
2011 The Help
22%
2019 The Lighthouse
22%
2022 The Northman
22%
2025 The Thursday Murder Club
22%
2015 The Witch
22%
2026 Werwulf
22%
2021 Cusp
11%
2024 Didi
11%
2004 Harry Potter and the Prisoner of Azkaban
11%
1988 Heartbreak Hotel
11%
2017 I Kill Giants
11%
2009 I Love You, Beth Cooper
11%
1989 Little Nemo: Adventures in Slumberland
11%
2017 Menashe
11%
2023 Miraculous Ladybug and Cat Noir: The Movie
11%
2001 Monkeybone
11%
2022 Night at the Museum: Kahmunrah Rises Again
11%
2017 Patti Cake$
11%
2010 Percy Jackson and the Olympians: The Lighting Thief
11%
2013 Percy Jackson: Sea of Monsters
11%
2020 Scoob!
11%
2022 The Exiles
11%
TBD The Goonies 2
11%
1993 The Myth, the Magic, the Man
11%
2019 Yes, God, Yes
11%
1985 Young Sherlock Holmes
11%
2012 Applebaum
0%
2004 Christmas with the Kranks
0%
2015 It Had to be You
0%
2014 Little Accidents
0%
2015 Mediterranea
0%
2008 Pretty Ugly People
0%
2016 Tallulah
0%
2020 The Christmas Chronicles: Part Two
0%
2016 The Young Messiah
0%
No matching quizzes found
Score Distribution
Percent of People with Each Score
Percentile by Number Answered
Your Score History
You have not taken this quiz since the last reset